| 000 | 00891cai a22001815a 4500 | ||
|---|---|---|---|
| 001 | L157962 | ||
| 008 | 130903u xxk g 000 0 eng d | ||
| 035 | _a(Sirsi) u157962 | ||
| 041 | 0 | _aeng | |
| 110 | 2 | _aCBRE | |
| 245 | 0 | 0 |
_aCBRE Global Research Gateway _h[electronic resource] |
| 520 | _aA research gateway giving access to a range of information sources providing market insight into the global real estate market. Provides access to data and trends on retail rents, capital values, office rents and industrial sector and investment. Includes "About Real Estate", a weekly newsletter providing a brief round up of research on the global property sector. Allows searching by sector. | ||
| 590 | _aKA | ||
| 651 | 4 | _aINTERNATIONAL | |
| 690 |
_aCommercial property _96227 |
||
| 856 | 4 | 0 |
_uhttps://www.cbre.com/EN/research/Pages/default.aspx _z View the website at www.cbre.com |
| 942 | _n0 | ||
| 999 |
_c121010 _d121010 |
||